ধর্ম ও সভ্যতা / (Record no. 80206)
[ view plain ]
| 000 -LEADER | |
|---|---|
| fixed length control field | 00915nam a22002537a 4500 |
| 001 - CONTROL NUMBER | |
| control field | 80206 |
| 003 - CONTROL NUMBER IDENTIFIER | |
| rucl marc code | BD-RjUL |
| 005 - DATE AND TIME OF LATEST TRANSACTION | |
| control field | 20220817143331.0 |
| 008 - FIXED-LENGTH DATA ELEMENTS--GENERAL INFORMATION | |
| fixed length control field | 220817s2014 b ||||| |||| 00| 0 b d |
| 020 ## - INTERNATIONAL STANDARD BOOK NUMBER | |
| International Standard Book Number | 9789847060088: |
| Terms of availability | tk.600.00 |
| 035 ## - SYSTEM CONTROL NUMBER | |
| System control number | (BD-RjUL)80206 |
| 040 ## - CATALOGING SOURCE | |
| Original cataloging agency | BD-RjUL |
| Language of cataloging | eng |
| Transcribing agency | BD-RjUL |
| 041 ## - LANGUAGE CODE | |
| Language code of text/sound track or separate title | ben |
| 082 ## - DEWEY DECIMAL CLASSIFICATION NUMBER | |
| Edition number | 23 |
| Classification number | 297 |
| Author mark and year | SAD 2014 |
| 100 ## - MAIN ENTRY--PERSONAL NAME | |
| Personal name | সামাদ, মোঃ আবদুস |
| 9 (RLIN) | 4406 |
| 245 10 - TITLE STATEMENT | |
| Title | ধর্ম ও সভ্যতা / |
| Statement of responsibility, etc. | মোঃ আবদুস সামাদ |
| 260 ## - PUBLICATION, DISTRIBUTION, ETC. (IMPRINT) | |
| Place of publication, distribution, etc. | ঢাকাঃ |
| Name of publisher, distributor, etc. | সামাদ পাব, |
| Date of publication, distribution, etc. | ২০১৪ |
| 300 ## - PHYSICAL DESCRIPTION | |
| Pagination | ৬৮৪ প.ঃ |
| Illustrations | ছবি ; |
| Size | ২১ সেমি। |
| 650 ## - SUBJECT ADDED ENTRY--TOPICAL TERM | |
| Topical term or geographic name as entry element | Islam -- 20th century. |
| 9 (RLIN) | 4407 |
| Topical term or geographic name as entry element | ধর্ম ও সভ্যতা ইসলাম |
| Chronological subdivision | বিংশ শতাব্দী |
| 9 (RLIN) | 4408 |
| Topical term or geographic name as entry element | Islam. |
| Form subdivision | Apologetic works |
| 9 (RLIN) | 4409 |
| Topical term or geographic name as entry element | ইসলাম |
| 9 (RLIN) | 4410 |
| 942 ## - ADDED ENTRY ELEMENTS (KOHA) | |
| Source of classification or shelving scheme | Dewey Decimal Classification |
| Koha item type | Books |
| Lost status | Source of classification or shelving scheme | Damaged status | Not for loan | Collection code | Permanent Location | Current Location | Shelving location | Date acquired | Source of acquisition | Cost, normal purchase price | Full call number | Date last seen | Copy number | Koha item type |
|---|---|---|---|---|---|---|---|---|---|---|---|---|---|---|
| Dewey Decimal Classification | Not For Loan | Non-fiction | Central Library, University of Rajshahi | Central Library, University of Rajshahi | Reading Room | 18/08/2022 | md, Erfan Raza, Deputy registrar, RUl | 600.00 | B 297 SAD 2014 | 17/08/2022 | C-1 | Books |